000 00518nam a2200181Ia 4500
003 IN-BaIIA
008 211028s9999 xx 000 0 eng d
040 _cIIA Library
080 _a008:35
_bGAN
100 _aGanapati Iyer, E. V.
_914172
245 4 _aThe essentials of national progress
_cE. V. Ganapati Iyer
260 _c1987
300 _axvi, 280p.
650 _aAstronomy and Astrophysics thesaurus
650 _aNation
_918287
650 _aProgress
942 _cBK
999 _c10717
_d10717